| 000 | 00614pam a2200217 i 4500 | ||
|---|---|---|---|
| 001 | 2754173 | ||
| 005 | 20180116034000.0 | ||
| 008 | 790716s1980 maua b 001 0 eng | ||
| 010 | _a 79018147 | ||
| 020 | _a0870738909 | ||
| 040 |
_aDLC _cDLC _dDLC |
||
| 041 | _aeng | ||
| 080 | _a301.32 BOL | ||
| 082 | 0 | 0 | _a301.32 BOL |
| 100 | 1 | _a50 | |
| 101 | _aSOC | ||
| 245 | 1 | 0 |
_aGarden or wilderness? : _cby Douglas Bolton. |
| 504 | _aIncludes bibliographical references and index. | ||
| 906 |
_a7 _bcbc _corignew _d1 _eocip _f19 _gy-gencatlg |
||
| 942 |
_2ddc _cBK |
||
| 999 |
_c40331 _d40331 |
||